书目信息 |
| 题名: |
作物育种知识
|
|
| 作者: | 《作物育种知识》编写小组 编著 | |
| 分册: | ||
| 出版信息: | 北京 农业出版社 1977.04 |
|
| 页数: | 202页 | |
| 开本: | 20cm | |
| 丛书名: | ||
| 单 册: | ||
| 中图分类: | S33 | |
| 科图分类: | ||
| 主题词: | 作物育种 , 遗传育种 , 作物育种--良种繁育 | |
| 电子资源: | ||
| ISBN: | ||
| 000 | 00677nam0 2200217 450 | |
| 001 | 0638124934 | |
| 005 | 20060816104024.54 | |
| 010 | @dCNY0.46 | |
| 091 | @a16144.1764 | |
| 100 | @a20060816d1977 km y0chiy0120 ea | |
| 101 | 0 | @achi |
| 200 | 1 | @a作物育种知识@Azuo wu yu zhong zhi shi@f《作物育种知识》编写小组 编著@F《zuo wu yu zhong zhi shi》bian xie xiao zu bian zhu |
| 210 | @a北京@c农业出版社@d1977.04 | |
| 215 | @a202页@d20cm | |
| 606 | 0 | @a作物育种 |
| 606 | 0 | @a遗传育种 |
| 606 | 0 | @a作物育种@x良种繁育 |
| 690 | @aS33@v3 | |
| 701 | 0 | @a《作物育种知识》编写小组@A《zuo wu yu zhong zhi shi》bian xie xiao zu@4编著 |
| 801 | 0 | @aCN@bPFT@c20060816 |
| 905 | @a10447@dS33@e26 | |
| 作物育种知识/《作物育种知识》编写小组 编著.-北京:农业出版社,1977.04 |
| 202页;20cm |
| ISBN :CNY0.46 |
| ● |
| 相关链接 |
|
|
|
|
正题名:作物育种知识
索取号:S33/26
 
预约/预借
| 序号 | 登录号 | 条形码 | 馆藏地/架位号 | 状态 | 备注 |
| 1 | 0458659 | 204586590 | 第二样本阅览室/ [索取号:S33/26] | 在馆 |